000 00513nam a2200205Ia 4500
003 GCL
008 140319s9999 xx 000 0 ara d
040 _aGCL /
_cGCL
082 0 4 _a523.1
_bع م
100 1 _aعلى موسى
245 1 0 _a"المجرات ""درب التبانة""" /
_cعلى موسى
700 1 _aمخلص الريس
300 _a132 ص
490 _a
650 0 4 _aالنجوم
650 0 4 _aالفلك
650 0 4 _aالمجرات
650 0 4 _aاصل الكون
942 _2ddc
_cBK
999 _c44262
_d44262